000 01661nam a2200385 c 4500
999 _c136192
_d136192
003 BLK
005 20240709132022.0
008 180409b bul|||||r ||||||| ||bul||
010 _aKNG00142129000
020 _a978-954-761-492-5
040 _aBLK
041 _aBUL
_cBUL
072 7 _2bullib
_aН83
_xЧужда художествена литература Н
080 _aАнглоканадска литература
_b821.111(71)
_x-312.9
_z821.111(71)-312.9
100 1 _aБакър, Р. Скот
_eпърви автор
_935704
139 _aБакър, Р. Скот
_bБ 17
245 1 0 _aПринц на нищото
_bРоман : Кн. 1 -
_cР. Скот Бакър; прев. от англ. Симеон Димитров Цанев.
_nКн. 1. Т. 1
_pТъмнината, която предхожда
257 _aCAN
260 _c2011 -
_fСофия : Симолини
300 _c20 см
380 _aX
500 _aОриг. загл. The Prince of Nothing / R. Scott Bakker. - Съдържа и за авт.
653 _aфентъзи
653 _aромани
659 _aН
700 1 _aЦанев, Симеон Димитров
_eпрев. от англ.
_9373118
760 1 _aБакър, Р. Скот
_dИнфоДар, 2011
_h446 с.
_nОриг. загл. The Darkness that Comes Before.
_tКн. 1. Т. 1 Тъмнината, която предхожда
852 _aЦб 259319
856 4 _qpdf
856 4 _qpdf
942 _cKNG
_n0
_07
_s1
944 _aCR
_c17.04.2013
_lМинев Младен
_k30530
944 _aED
_c29.12.2016
_lф /
_kЛюдмила_Стоянова
999 _d136192